000 00797nam a2200241 a 4500
001 BRL_1856
005 20190320211410.0
008 100815s1998----mx-a######---#000-0#spa-#
041 _aspa
044 _amx
050 4 _aF1232
_b.C58
245 1 0 _aLa Ciudad de México más allá del año 2000
_cArmando Quintero Martínez coordinador ; Manuel Perló Cohen ...[et al.]
260 _aMéxico
_bPartido de la Revolución Democrática
_c1998
300 _a87 p.
_bil.
_c21 cm.
500 _aAu11
504 _aBibliografía: p. 86-87
651 4 _aMéxico (Ciudad)
_xPolítica y gobierno
_915679
651 4 _aMéxico (Ciudad)
_xCondiciones sociales
_928059
700 1 _aQuintero Martínez, Armando
_ecoord.
_928060
700 1 _aPerló Cohen, Manuel
_928061
902 _aGRL
942 _2lcc
_cB
999 _c10664
_d10664